| 000 | 00786nam a2200253 i 4500 | ||
|---|---|---|---|
| 001 | 142041 | ||
| 003 | ES-MaACL | ||
| 005 | 20260104170048.0 | ||
| 007 | t| | ||
| 008 | 071002s1959 sp ||||1| spa d | ||
| 080 | _a871-133"-0" | ||
| 100 | 1 |
_aVirgilio Marón, Publio. _9115452 |
|
| 245 | 1 | 0 |
_aEneida _b: ; Bucólicas ; Geórgicas / _cVirgilio ; traducción de Eugenio de Ochoa ; edición y notas de Miguel Dolç. |
| 260 |
_aBarcelona : _bVergara, _c1959. |
||
| 300 |
_a775 p. : _bil. ; _c17 cm. |
||
| 490 | 1 | _aClásicos Vergara | |
| 700 | 1 |
_aOchoa, Eugenio de. _986476 |
|
| 700 | 1 |
_aDolç, Miguel. _945012 |
|
| 740 | 0 | _aBucólicas. | |
| 740 | 0 | _aGeórgicas. | |
| 830 | 0 |
_aClásicos Vergara _9192239 |
|
| 852 |
_aES-MaACL _jC-16820 _bR.44865 |
||
| 999 |
_c142041 _d142041 |
||